header

Galileo's glassworks (Record no. 176499)

MARC details
000 -LEADER
fixed length control field 01780nam a2200409 a 4500
082 04 - DEWEY DECIMAL CLASSIFICATION NUMBER
Classification number 522/.2092
100 1# - MAIN ENTRY--AUTHOR NAME
Personal name Reeves, Eileen Adair.
245 10 - TITLE STATEMENT
Title Galileo's glassworks
260 ## - PUBLICATION, DISTRIBUTION, ETC. (IMPRINT)
Place of publication Cambridge, Mass. :
Name of publisher Harvard University Press,
Year of publication 2008.
300 ## - PHYSICAL DESCRIPTION
Number of Pages 231 p. :
Other physical details ill.
505 0# - FORMATTED CONTENTS NOTE
Formatted contents note The daily mirror of empire -- Idle inventions -- Obscure procedures and odd opponents -- The Dutch telescope and the French mirror -- The afterlife of a legend.
650 #0 - SUBJECT ADDED ENTRY--TOPICAL TERM
Topical Term Astronomical instruments
Topical Term Telescopes
Topical Term Optical instruments
Topical Term Mirrors
Topical Term Science
856 40 - ELECTRONIC LOCATION AND ACCESS
Uniform Resource Identifier http://site.ebrary.com/lib/rucke/Doc?id=10312756

No items available.

© 2026 Rongo University
Contact us: librarian | system librarian | Rongo university